000 00236nam a22000977a 4500
999 _c64644
_d64641
100 _aSalman Ali
_a15CE31
245 _aFactors causing time overrun of constuction projects
260 _aNawabshah
_bQUEST
_c2019
300 _a27
942 _cBK